Composition Diagram of a Complex Process a New Method for Displaying Complex Business Processes

Vývoj novej techniky nazvanej Kompozičný diagram komplexných procesov alebo Jurik-Schmidtov diagram. Popis pravidiel, ako využívať túto techniku.

Na minha lista:
Detalhes bibliográficos
Autor principal: Schmidt, Peter, 1968-
Outros Autores: Jurík, Pavol, 1987-
Formato: Capítulo de Livro
Idioma:inglês
Assuntos:
Tags: Adicionar Tag
Sem tags, seja o primeiro a adicionar uma tag!

MARC

LEADER 00000naa$a2200000$$$4500
001 0281049
005 20250120111938.6
041 0 |a eng 
044 |a SK 
245 1 0 |a Composition Diagram of a Complex Process a New Method for Displaying Complex Business Processes  |c Peter Schmidt, Pavol Jurík 
520 |a Vývoj novej techniky nazvanej Kompozičný diagram komplexných procesov alebo Jurik-Schmidtov diagram. Popis pravidiel, ako využívať túto techniku. 
610 2 0 |a modelovanie 
610 2 0 |a procesy podnikové 
610 2 0 |a dekompozícia 
610 2 0 |a štruktúra podniku organizačná 
610 2 0 |a programovanie 
100 1 |a Schmidt, Peter, 1968- 
700 1 |a Jurík, Pavol, 1987-